=LDR 00000nam 2200000 4500 =001 INLIS000000000008544 =005 20200903074948 =035 ##$$a 0010-061300000008544 =008 200903################g##########0#ind## =041 ##$$a Ind =082 ##$$a 2x6.4 =090 ##$$a 2x6.4, Sha s =100 1#$$a Shafiyyah, Amatullah =245 1#$$a Seorang Ibu sebuah dunia berjuta cinta, /$c Amatullah Shapiyyah =260 ##$$a 2002 :$b Jakarta =300 ##$$a 100 hlm, ; $c 11 x 18 cm =650 #4$$a Wanita =020 ##$$a 979-561-769-9 =084 ##$$a 2x6.4 SHA s =250 ##$$a cet.1 =990 ##$$a DW00024663 =990 ##$$a DW00024664 =990 ##$$a DW00024665 =990 ##$$a DW00024666 =990 ##$$a 00089505